| 000 | 00365nam a22001457a 4500 | ||
|---|---|---|---|
| 020 | _qPB. | ||
| 040 | _cFIZZA ISHAQ | ||
| 082 |
_a973.91 _bROB |
||
| 100 |
_aMCELVAINE,ROBERTS. _9133677 |
||
| 245 |
_aTHE GREAT DEPRESSION / _cROBERTS,MCELVAINE. |
||
| 250 | _a1st ED. | ||
| 260 |
_aNEW YORK ; _bTIMES BOOKS, _c1984. |
||
| 300 |
_a401 P. ; _c9.5X6.2 |
||
| 942 |
_2ddc _cBK |
||
| 999 |
_c616640 _d616640 |
||